书目信息 |
| 题名: |
历代文学艺术家的传说
|
|
| 作者: | 祁连休 编 | |
| 分册: | 第二册 | |
| 出版信息: | 上海 上海文艺出版社 1984.3 |
|
| 页数: | 313页 | |
| 开本: | 20cm | |
| 丛书名: | ||
| 单 册: | ||
| 中图分类: | I276.3 | |
| 科图分类: | ||
| 主题词: | 民间文学--中国 | |
| 电子资源: | ||
| ISBN: | ||
| 000 | 00579nam0 2200205 45 | |
| 001 | 0312221749 | |
| 005 | 20040413104403.8 | |
| 010 | @dCNY0.93 | |
| 091 | @a10078.3461 | |
| 100 | @a20031222d1984 km y0chiy0120 ea | |
| 101 | @achi | |
| 105 | @a z 000yy | |
| 200 | 1 | @a历代文学艺术家的传说@h第二册@ALi Dai Wen Xue Yi Shu Jia De Chuan Shuo@f祁连休编@FQi Lian Xiu Bian |
| 210 | @a上海@c上海文艺出版社@d1984.3 | |
| 215 | @a313页@d20cm | |
| 606 | 0 | @a民间文学@x中国 |
| 690 | @aI276.3@v3 | |
| 701 | 0 | @a祁连休@4编 |
| 801 | @aCN@bTSTCL@c20031222 | |
| 905 | @dI276.3@e22:2@f1@b109725 | |
| 历代文学艺术家的传说.第二册/祁连休编.-上海:上海文艺出版社,1984.3 |
| 313页;20cm |
| ISBN :CNY0.93 |
| ● |
| 相关链接 |
|
|
|
|
正题名:历代文学艺术家的传说
索取号:I276.3/22:2
 
预约/预借
| 序号 | 登录号 | 条形码 | 馆藏地/架位号 | 状态 | 备注 |
| 1 | 0109725 | 000037025 | 第二借阅区/ [索取号:I276.3/22:2] | 在馆 | |
| 2 | 0109727 | 000037043 | 第一样本阅览室/ [索取号:I276.3/22:2] | 在馆 |